Polskie miasta na Ś według podpowiedzi - Statystyki

Ogólne statystyki
  • Ten quiz został rozwiązany 81 razy
  • Średni wynik to 7 z 10
Statystyki odpowiedzi
Podpowiedź Miasto % Poprawnych
Dzień tygodnia koło Poznania. Środa Wielkopolska
96%
Znajduje się tam Figura Chrystusa Króla Wszechświata w koronie. Świebodzin
94%
Położone jest na wyspach, z czego największe to Uznam, Wolin i Karsibór. Świnoujście
94%
Dzień tygodnia koło Wrocławia. Środa Śląska
84%
Na listę światowego dziedzictwa UNESCO wpisano tamtejszy Kościół Pokoju. Świdnica
71%
Na terenie tego miasta leży lubelski port lotniczy. Świdnik
71%
Leży nad Wartą, około 20 km od powyższego. Śrem
69%
Mniejsze miasto w sercu aglomeracji górnośląsko-zagłębiowskiej. Świętochłowice
58%
Miasto w woj. kujawsko-pomorskim, leży tam jedna z największych papierni w Polsce. Świecie
48%
Miasto pośrodku woj. zachodniopomorskiego, kojarzone z lotnictwem wojskowym. Świdwin
43%
Nie znaleziono quizów pasujących do podanych kryteriów
Rozkład punktacji
Procent ludzi z każdym wynikiem
Percentyl według liczby udzielonych odpowiedzi
Twoja historia wyników
Nie rozwiązałeś tego quizu